Król Tatr z Mokotowskiej 8 portret doktora Tytusa Chałubińskiego

Bibliographic Details
Main Author: Petrozolin-Skowrońska, Barbara, 1937- (Author)
Format: Book
Language:Polish
PhysicalDescription:324 s. fotogr., mp. 25 cm
Published: Warszawa Iskry c2005
ISBN:8320717973
Edition:Wyd. 1.
Subjects:

MARC

LEADER 00000nam a2200000 a 4500
001 vtls008690755
003 SK-MaSNL
005 20260301205500.0
008 240315s2005 pl ob g h 001 0bpol
020 |a 8320717973  |q (viaz.) 
040 |a SNK  |b slo  |c SNK  |e AACR2 
041 0 |a pol 
043 |a e-pl--- 
044 |a pl  |c PL 
072 7 |a 929  |x Biografie  |2 konspekt 
072 7 |a 616  |x Patológia. Klinická medicína  |2 konspekt 
080 |a 316.72/.75  |2 2001 
080 |a 796.5  |2 2001 
080 |a 929  |2 2001 
080 |a 616-051  |2 2001 
080 |a (438)  |2 2001 
080 |a (092)  |2 2001 
100 1 |a Petrozolin-Skowrońska, Barbara,  |d 1937-  |4 aut  |9 291410 
245 1 0 |a Król Tatr z Mokotowskiej 8  |b portret doktora Tytusa Chałubińskiego  |c Barbara Petrozolin-Skowrońska 
250 |a Wyd. 1. 
260 |a Warszawa  |b Iskry  |c c2005 
300 |a 324 s.  |b fotogr., mp.  |c 25 cm 
504 |a Bibliogr. s. 305-311 
600 1 7 |a Chałubiński, Tytus,  |d 1820-1889  |2 SNKMA  |9 591656 
650 0 7 |a intelektuálny život  |2 SNKPH  |9 68404 
650 0 7 |a turistika  |2 SNKPH  |9 683 
651 7 |a Tatry (Poľsko a Slovensko : pohorie)  |2 SNKPH  |9 176859 
651 7 |a Poľsko  |2 SNKPH  |9 16755 
655 7 |a biografie  |2 SNKPH  |9 27965 
919 |a 83-207-1797-3 
999 |c 910255  |d 912185 
952 |a SNK  |b SNK  |y VYP  |7 0  |p 17A0506905  |o snkIC 133446  |i snk2006/9896  |8 2  |g 10.62  |0 0  |1 0  |4 0  |d 2006-04-13  |l 0  |r 2026-02-24 07:41:21  |w 2026-02-24